000 00716nam a2200205Ii 4500
003 JO-AjNU
008 230605s9999||||xx |||||||||||||| ||und||
040 _aJO-AjNU
_bara
_erda
_cJO-AjNU
041 _aara
050 1 4 _aBF690.H2.1970
100 3 _aهال،كلفن ، الشنيطي،محمد فتحي/ترجمة,
_eauthor
_98402
245 0 0 _aأصول علم النفس الفرويدي
250 _aط2
264 3 1 _aبيروت:دار النهضة العربية للطباعة والنشر،1970
300 _a156ص
336 _atext
_btxt
_2rdacontent
337 _aunmediated
_bn
_2rdamedia
338 _avolume
_bnc
_2rdacarrier
650 4 _aتحليل نفسي-شخصية-سيجموند فرويد
_98403
999 _aA769
_c4337
_d4337